[Event "Guildford Spring op"]
[Site "Guildford"]
[Date "2024.04.14"]
[Round "4"]
[White "Kueh, Audrey"]
[Black "Golding, Alex"]
[Result "0-1"]
[WhiteElo "2059"]
[BlackElo "2299"]
[PlyCount "86"]
[EventDate "2024.04.12"]
[EventType "swiss"]
[EventRounds "5"]
[EventCountry "ENG"]
[SourceTitle "CB18_2024"]
[SourceDate "2024.05.01"]
[SourceVersion "1"]
[SourceVersionDate "2024.05.01"]
[SourceQuality "2"]

1. e4 e5 2. Nf3 Nc6 3. Bb5 a6 4. Ba4 d6 5. d3 Be7 6. Nc3 Nf6 7. a3 0-0 8. 0-0 h6 9. Nd5 Bg4 10. Be3 Nxd5 11. exd5 Nb8 12. h3 Bh5 13. g4 Bg6 14. Nh2 Nd7 15. c4 f5 16. f4 fxg4 17. f5 Bxf5 18. Rxf5 Rxf5 19. Qxg4 Bg5 20. Qxf5 Bxe3+ 21. Kh1 Nf6 22. Rf1 Qe7 23. Ng4 Nxg4 24. Qxg4 Rf8 25. Rf5 Rf7 26. Bd1 Qd7 27. Rxf7 Qxf7 28. Bf3 g6 29. Qc8+ Kg7 30. Kg2 h5 31. h4 Qe7 32. Be4 Qxh4 33. Qxc7+ Kh6 34. Qf7 Qg4+ 35. Kf1 Qf4+ 36. Qxf4+ exf4 37. b4 b6 38. a4 g5 39. Bf5 f3 40. c5 bxc5 41. b5 axb5 42. axb5 c4 43. dxc4 g4 0-1

[Event "Titled Tuesday intern op 31st Jan Late"]
[Site "Chess.com INT"]
[Date "2023.01.31"]
[Round "7"]
[White "Golding, Alex"]
[Black "Mikaelyan, Arman"]
[Result "0-1"]
[WhiteElo "2318"]
[BlackElo "2504"]
[PlyCount "162"]
[EventDate "2023.01.31"]
[EventType "swiss (blitz)"]
[EventRounds "11"]
[EventCountry "USA"]
[SourceTitle "CBM 212 Extra"]
[Source "ChessBase"]
[SourceDate "2023.03.31"]
[SourceVersion "1"]
[SourceVersionDate "2023.03.31"]
[SourceQuality "1"]

1. e4 a6 2. d4 b5 3. a4 Bb7 4. axb5 axb5 5. Rxa8 Bxa8 6. Bxb5 Bxe4 7. Nf3 Nf6 8. 0-0 e6 9. Bg5 Be7 10. Nc3 Bb7 11. Ne5 0-0 12. Bd3 d6 13. Nc4 Nbd7 14. Qd2 Qa8 15. Ne3 h6 16. Bh4 Rb8 17. Ne2 Be4 18. b3 Bxd3 19. Qxd3 Nf8 20. h3 Ng6 21. Bg3 Qa2 22. Nc3 Qa5 23. Nc4 Qa6 24. Qf3 Bf8 25. h4 Ne7 26. Ne3 Qa5 27. Ne4 Nxe4 28. Qxe4 Qc3 29. Rd1 Qa5 30. d5 e5 31. Kh2 Qc5 32. Qd3 Ra8 33. h5 Ra2 34. Bh4 Nc8 35. c3 Be7 36. Bg3 Bg5 37. Nf5 Ne7 38. Nxe7+ Bxe7 39. b4 Qb6 40. Qc4 Ra3 41. Rd2 Bg5 42. Re2 Qa6 43. Qg4 Qd3 44. f4 f5 45. Qf3 Qxf3 46. gxf3 exf4 47. Be1 Kf7 48. Kg2 Bf6 49. Rc2 Be5 50. Bd2 Ra1 51. Bc1 Rb1 52. Kf2 g6 53. hxg6+ Kxg6 54. Ke2 h5 55. Kf2 Rb3 56. Bd2 Ra3 57. Kg2 Ra1 58. Bc1 Bf6 59. Kh3 Be5 60. Kh4 Rb1 61. Kh3 Rb3 62. Bd2 Ra3 63. Kg2 Ra8 64. Kh2 Kf6 65. Kh3 Rg8 66. Kh2 Rg3 67. c4 Rxf3 68. c5 Rf2+ 69. Kg1 Re2 70. Kf1 f3 71. c6 h4 72. b5 h3 73. Bg5+ Kxg5 74. Rxe2 fxe2+ 75. Kxe2 Bd4 76. b6 Bxb6 77. Kf3 f4 78. Ke4 h2 79. Kd3 h1Q 80. Kc4 Qe4+ 81. Kb5 Qxd5+ 0-1

[Event "Titled Tuesday intern op 31st Jan Late"]
[Site "Chess.com INT"]
[Date "2023.01.31"]
[Round "4"]
[White "Golding, Alex"]
[Black "Pakleza, Zbigniew"]
[Result "1-0"]
[WhiteElo "2318"]
[BlackElo "2496"]
[PlyCount "137"]
[EventDate "2023.01.31"]
[EventType "swiss (blitz)"]
[EventRounds "11"]
[EventCountry "USA"]
[SourceTitle "CBM 212 Extra"]
[Source "ChessBase"]
[SourceDate "2023.03.31"]
[SourceVersion "1"]
[SourceVersionDate "2023.03.31"]
[SourceQuality "1"]

1. e4 d6 2. Nc3 Nf6 3. d4 c6 4. Be3 Qb6 5. Bd3 Qxb2 6. Nge2 Qa3 7. Bd2 Qa5 8. 0-0 Qc7 9. e5 dxe5 10. dxe5 Qxe5 11. Re1 e6 12. Ng3 Qc7 13. Qf3 Nbd7 14. Bf4 Bd6 15. Bxd6 Qxd6 16. Nf5 Qc5 17. Nxg7+ Kf8 18. Ne4 Qe5 19. Ng3 Qd5 20. Qxd5 cxd5 21. N7h5 Nxh5 22. Nxh5 Nc5 23. Bb5 Bd7 24. Be2 Ke7 25. c4 dxc4 26. Bxc4 Rac8 27. Nf4 Bc6 28. Bd5 Rhd8 29. Bxc6 Rxc6 30. Rac1 Rd4 31. g3 b6 32. Kg2 Rcd6 33. Re3 Rd2 34. Ra3 a5 35. h4 Rb2 36. Nh3 Rdd2 37. Rf3 Rxa2 38. Ng5 f5 39. Nxh7 Ne4 40. Ng5 Rxf2+ 41. Rxf2 Nxf2 42. Kg1 e5 43. Rc6 e4 44. Rxb6 Ng4 45. Re6+ Kd7 46. h5 Ra1+ 47. Kg2 Ra2+ 48. Kg1 Rb2 49. h6 Rb1+ 50. Kg2 Rb2+ 51. Kg1 Rb8 52. h7 Rh8 53. Ra6 Ke7 54. Kf1 Ne3+ 55. Ke2 Nc4 56. Rc6 Nb2 57. Ke3 a4 58. Kf4 a3 59. Re6+ Kd7 60. Ra6 Nd3+ 61. Kxf5 e3 62. Rxa3 Nc5 63. Rxe3 Nb7 64. Kg6 Nd6 65. Kg7 Rc8 66. Rd3 Kc6 67. Rxd6+ Kxd6 68. h8Q Rc7+ 69. Kh6 1-0

[Event "Titled Tuesday intern op 17th Jan Late"]
[Site "Chess.com INT"]
[Date "2023.01.17"]
[Round "4"]
[White "Golding, Alex"]
[Black "Djokic, Mihailo"]
[Result "0-1"]
[WhiteElo "2318"]
[BlackElo "2221"]
[PlyCount "158"]
[EventDate "2023.01.17"]
[EventType "swiss (blitz)"]
[EventRounds "11"]
[EventCountry "USA"]
[SourceTitle "CBM 212 Extra"]
[Source "ChessBase"]
[SourceDate "2023.03.31"]
[SourceVersion "1"]
[SourceVersionDate "2023.03.31"]
[SourceQuality "1"]

1. e4 c5 2. Nf3 d6 3. Bb5+ Bd7 4. Bxd7+ Qxd7 5. 0-0 Nc6 6. b3 Nf6 7. Re1 g6 8. Bb2 Bg7 9. d3 0-0 10. a4 Rfd8 11. Nbd2 Nxe4 12. Bxg7 Nxd2 13. Bh6 Nxf3+ 14. Qxf3 Nd4 15. Qd1 Nf5 16. Bd2 e5 17. b4 cxb4 18. Bxb4 Rac8 19. c3 Re8 20. a5 d5 21. Qg4 h5 22. Qf3 Qc6 23. h3 e4 24. Qe2 e3 25. d4 Qc4 26. Qxc4 Rxc4 27. fxe3 Rxe3 28. Rxe3 Nxe3 29. a6 bxa6 30. Rxa6 Nc2 31. Bc5 Rxc3 32. Rxa7 Ne3 33. Kf2 Nf5 34. Rd7 Rc2+ 35. Kf3 Nh4+ 36. Kg3 g5 37. Kh2 Nxg2 38. Kg1 Nf4 39. Bd6 Nxh3+ 40. Kf1 h4 41. Be5 Rf2+ 42. Ke1 g4 43. Rd8+ Kh7 44. Rh8+ Kg6 45. Rxh4 Rg2 46. Rh8 Ng5 47. Kf1 Rc2 48. Rd8 Nf3 49. Rxd5 Nxe5 50. dxe5 g3 51. Kg1 Kf5 52. Rd7 Ke6 53. Rd3 g2 54. Rf3 Ra2 55. Rf6+ Ke7 56. Kh2 Re2 57. Kg1 Rxe5 58. Rf2 Rg5 59. Re2+ Kf6 60. Rf2+ Kg6 61. Re2 Rg4 62. Rf2 Kg7 63. Re2 Rg3 64. Rf2 Rg6 65. Re2 Kf8 66. Rf2 Ke7 67. Re2+ Re6 68. Rf2 Rg6 69. Rd2 f5 70. Rxg2 Rb6 71. Ra2 Kf6 72. Kf2 Kg5 73. Ra4 Rb3 74. Ra8 Kf4 75. Ra4+ Kg5 76. Ra8 Kg4 77. Ra4+ f4 78. Ra8 Rb2+ 79. Kf1 Kg3 0-1

[Event "Titled Tuesday intern op 17th Jan Early"]
[Site "Chess.com INT"]
[Date "2023.01.17"]
[Round "4"]
[White "Golding, Alex"]
[Black "Koellner, Ruben Gideon"]
[Result "0-1"]
[WhiteElo "2318"]
[BlackElo "2417"]
[PlyCount "105"]
[EventDate "2023.01.17"]
[EventType "swiss (blitz)"]
[EventRounds "11"]
[EventCountry "USA"]
[SourceTitle "CBM 212 Extra"]
[Source "ChessBase"]
[SourceDate "2023.03.31"]
[SourceVersion "1"]
[SourceVersionDate "2023.03.31"]
[SourceQuality "1"]

1. d4 d6 2. e4 Nf6 3. Nc3 e5 4. dxe5 dxe5 5. Qxd8+ Kxd8 6. Bg5 Be6 7. 0-0-0+ Nbd7 8. f3 Bd6 9. Nge2 h6 10. Be3 Ke7 11. a3 a6 12. g4 b5 13. Ng3 g6 14. h4 h5 15. g5 Nh7 16. Bh3 c6 17. Nge2 Rhd8 18. Bxe6 Kxe6 19. Rhf1 Bc5 20. Bd2 Ke7 21. Kb1 Nhf8 22. f4 exf4 23. Bxf4 Ne6 24. Bg3 Nb6 25. Rd3 Nc4 26. Ka2 Bd6 27. Rdf3 Rf8 28. b3 Bxg3 29. bxc4 Be5 30. cxb5 axb5 31. Nb1 Ra4 32. Nec3 Rc4 33. a4 bxa4 34. Ka3 Nd4 35. R3f2 Nb5+ 36. Nxb5 cxb5 37. c3 Bxc3 38. Nxc3 Rxc3+ 39. Kb4 Rb3+ 40. Kc5 a3 41. e5 Re3 42. Kxb5 Rxe5+ 43. Kb4 Re3 44. Rc1 Rb8+ 45. Ka4 Rb7 46. Rcc2 Re6 47. Ka5 Re4 48. Ka6 Rd7 49. Kb6 Rxh4 50. Kb5 Rg4 51. Rce2+ Kf8 52. Rc2 Rxg5+ 53. Kb4 0-1

[Event "Titled Tuesday intern op 17th Jan Early"]
[Site "Chess.com INT"]
[Date "2023.01.17"]
[Round "1"]
[White "Seo, Jung Min"]
[Black "Golding, Alex"]
[Result "1-0"]
[WhiteElo "2516"]
[BlackElo "2318"]
[PlyCount "103"]
[EventDate "2023.01.17"]
[EventType "swiss (blitz)"]
[EventRounds "11"]
[EventCountry "USA"]
[SourceTitle "CBM 212 Extra"]
[Source "ChessBase"]
[SourceDate "2023.03.31"]
[SourceVersion "1"]
[SourceVersionDate "2023.03.31"]
[SourceQuality "1"]

1. e4 e5 2. Nc3 Nc6 3. Bc4 Bc5 4. Qg4 Kf8 5. Qg3 Nd4 6. Bb3 Nxb3 7. axb3 d6 8. d3 c6 9. Be3 Bxe3 10. fxe3 Nf6 11. Nge2 h5 12. h3 Rh6 13. Rf1 Qe7 14. Qf2 h4 15. 0-0-0 a5 16. Ng1 b5 17. Nf3 a4 18. b4 c5 19. bxc5 dxc5 20. Nxb5 Bd7 21. Na3 Ne8 22. Nc4 f6 23. Nfxe5 Be6 24. Na3 Kg8 25. Nec4 Nd6 26. Nxd6 Qxd6 27. d4 Rb8 28. d5 Qe5 29. c3 Bd7 30. Qf4 Re8 31. Qxe5 Rxe5 32. Nc4 Rxe4 33. Nb6 Re7 34. Nxd7 Rxd7 35. Rf4 Rg6 36. Rd2 Rg3 37. Rxa4 Rxe3 38. Rxh4 Re5 39. c4 Re1+ 40. Kc2 Kf7 41. Rf4 Ke7 42. Rff2 Kd6 43. Rfe2 Rg1 44. Re6+ Kc7 45. Rc6+ Kb7 46. Rxc5 Kb6 47. Rb5+ Ka6 48. g4 Rg3 49. Rd3 Rg2+ 50. Kb1 Rg1+ 51. Ka2 Rc1 52. Ra3# 1-0

[Event "Swansea West Wales op"]
[Site "Swansea"]
[Date "2022.11.13"]
[Round "4"]
[White "Fathallah, Joe"]
[Black "Golding, Alex"]
[Result "0-1"]
[WhiteElo "1979"]
[BlackElo "2312"]
[PlyCount "94"]
[EventDate "2022.11.11"]
[EventType "swiss"]
[EventRounds "5"]
[EventCountry "WLS"]
[SourceTitle "EXT 2024"]
[Source "ChessBase"]
[SourceDate "2023.10.10"]
[SourceVersion "1"]
[SourceVersionDate "2023.10.10"]
[SourceQuality "1"]

1. d4 Nf6 2. c4 d6 3. Nc3 e5 4. g3 Nc6 5. d5 Nd4 6. Bg2 g6 7. e3 Nf5 8. e4 Ne7 9. Nf3 Bg7 10. 0-0 0-0 11. Ne1 Nd7 12. Nd3 h6 13. Be3 f5 14. f4 fxe4 15. Nxe4 Nf5 16. Bf2 exf4 17. Nxf4 Ne5 18. Rc1 Nh4 19. gxh4 Rxf4 20. Bg3 Rxf1+ 21. Qxf1 Ng4 22. Qe2 Bf5 23. c5 Bd4+ 24. Kh1 Be5 25. cxd6 cxd6 26. Bh3 Bxg3 27. Bxg4 Be5 28. Bxf5 gxf5 29. Ng3 Qf6 30. Rc7 Rf8 31. Qh5 f4 32. Ne4 Qf5 33. Qf3 Rf7 34. Rxf7 Qxf7 35. b3 Kh8 36. Ng3 Qg6 37. Qe4 Kg7 38. Qxg6+ Kxg6 39. Ne4 Kf5 40. Nd2 Bc3 41. Nb1 Be1 42. Kg2 Ke4 43. h5 b5 44. Na3 a6 45. Nc2 Bc3 46. Kf2 Kd3 47. Na3 Bb2 0-1

[Event "Titled Tuesday intern op 09th Aug Early"]
[Site "Chess.com INT"]
[Date "2022.08.09"]
[Round "8"]
[White "Shapiro, Daniel E"]
[Black "Golding, Alex"]
[Result "0-1"]
[WhiteElo "2284"]
[BlackElo "2312"]
[PlyCount "44"]
[EventDate "2022.08.09"]
[EventType "swiss (blitz)"]
[EventRounds "11"]
[EventCountry "USA"]
[SourceTitle "EXT 2023"]
[Source "ChessBase"]
[SourceDate "2022.10.05"]
[SourceVersion "1"]
[SourceVersionDate "2022.10.05"]
[SourceQuality "1"]

1. d4 d5 2. c4 dxc4 3. e4 e6 4. Nf3 a6 5. Bxc4 b5 6. Bd3 Bb7 7. 0-0 c5 8. dxc5 Bxc5 9. Qe2 Qe7 10. Bg5 f6 11. Bh4 e5 12. Nc3 Nc6 13. Nd5 Qf7 14. Rac1 Bd6 15. Bxb5 axb5 16. Qxb5 Ra5 17. Qb6 Ra6 18. Qb5 Nh6 19. Rfd1 0-0 20. Nxf6+ gxf6 21. Rxd6 Nb8 22. Rd7 Qxd7 0-1

[Event "BCF-chT 2122 (4NCL)"]
[Site "England"]
[Date "2022.06.25"]
[Round "10.54"]
[White "Wells, Peter K"]
[Black "Golding, Alex"]
[Result "1/2-1/2"]
[WhiteElo "2379"]
[BlackElo "2331"]
[PlyCount "81"]
[EventDate "2021.11.27"]
[EventType "team-swiss"]
[EventRounds "11"]
[EventCountry "ENG"]
[SourceTitle "EXT 2023"]
[Source "ChessBase"]
[SourceDate "2022.10.05"]
[SourceVersion "1"]
[SourceVersionDate "2022.10.05"]
[SourceQuality "1"]
[WhiteTeam "Chessable White Rose"]
[BlackTeam "Guildford Young Guns"]
[WhiteTeamCountry "ENG"]
[BlackTeamCountry "ENG"]

1. Nf3 Nf6 2. c4 e6 3. g3 d5 4. Bg2 Be7 5. 0-0 0-0 6. d4 b6 7. cxd5 exd5 8. Nc3 Bb7 9. Ne5 a6 10. Bg5 Ne4 11. Bxe7 Qxe7 12. Rc1 Nf6 13. Qb3 Qd6 14. e3 Nbd7 15. f4 Rae8 16. g4 Rd8 17. g5 Ne8 18. Bxd5 Bxd5 19. Qxd5 Nxe5 20. Qxe5 Qd7 21. f5 Kh8 22. Ne4 Nd6 23. Nxd6 cxd6 24. Qf4 Rc8 25. b3 d5 26. h4 Rfe8 27. Kg2 f6 28. gxf6 gxf6 29. Kh2 Rg8 30. Rxc8 Qxc8 31. Rg1 Qc2+ 32. Kh1 Rxg1+ 33. Kxg1 Qd1+ 34. Kg2 Qe2+ 35. Kg3 Qe1+ 36. Qf2 Qb1 37. h5 Qh1 38. Qf3 Qg1+ 39. Kh3 h6 40. a4 a5 41. Qg3 1/2-1/2

[Event "BCF-chTb 1920 (4NCL)"]
[Site "Daventry"]
[Date "2020.02.09"]
[Round "6.65"]
[White "Hodgson, John H"]
[Black "Golding, Alex"]
[Result "0-1"]
[WhiteElo "2082"]
[BlackElo "2306"]
[PlyCount "114"]
[EventDate "2019.11.09"]
[EventType "team-tourn"]
[EventRounds "11"]
[EventCountry "ENG"]
[SourceTitle "CBM 194 Extra"]
[Source "ChessBase"]
[SourceDate "2020.03.31"]
[SourceVersion "1"]
[SourceVersionDate "2020.03.31"]
[SourceQuality "1"]
[WhiteTeam "Barbican II"]
[BlackTeam "Guildford II"]
[WhiteTeamCountry "ENG"]
[BlackTeamCountry "ENG"]

1. e4 Nf6 2. e5 Nd5 3. d4 d6 4. c4 Nb6 5. exd6 cxd6 6. Nc3 g6 7. Be3 Bg7 8. Rc1 0-0 9. b3 N6d7 10. g3 Re8 11. Bg2 e5 12. Nge2 Nc6 13. 0-0 Nf6 14. h3 Bf5 15. dxe5 Nxe5 16. Nd4 Bd7 17. Ndb5 Bc6 18. Qxd6 Qc8 19. Nxa7 Rxa7 20. Bxa7 Nf3+ 21. Bxf3 Bxf3 22. Qf4 Bc6 23. Nd5 Qxh3 24. Qf3 Re5 25. Rcd1 Qe6 26. Qg2 Nxd5 27. cxd5 Bxd5 28. Rxd5 Rxd5 29. Be3 h5 30. Qf3 h4 31. gxh4 Bf6 32. Rd1 Rh5 33. Bg5 Bxg5 34. hxg5 Rxg5+ 35. Kf1 Re5 36. Qd3 Kh7 37. Rd2 Qc6 38. f3 Qc1+ 39. Rd1 Qh6 40. Qd2 Rg5 41. Qd6 Qh1+ 42. Ke2 Qg2+ 43. Ke3 Rf5 44. Kd4 Qxf3 45. Kc4 Rf4+ 46. Kb5 Rf5+ 47. Kb4 Qf4+ 48. Qxf4 Rxf4+ 49. Kb5 g5 50. a4 g4 51. b4 f5 52. Rd7+ Kh6 53. Rxb7 g3 54. Rb6+ Kh5 55. Rb8 Rg4 56. Rc8 g2 57. Rc1 f4 0-1

[Event "GBR-ch KO qual"]
[Site "London"]
[Date "2019.11.30"]
[Round "4"]
[White "Golding, Alex"]
[Black "Clarke, Brandon GI"]
[Result "0-1"]
[WhiteElo "2306"]
[BlackElo "2431"]
[PlyCount "78"]
[EventDate "2019.11.30"]
[EventType "swiss (rapid)"]
[EventRounds "9"]
[EventCountry "ENG"]
[SourceTitle "CBM 193 Extra"]
[Source "ChessBase"]
[SourceDate "2020.01.31"]
[SourceVersion "1"]
[SourceVersionDate "2020.01.31"]
[SourceQuality "1"]

1. e4 c5 2. c4 d6 3. Ne2 Nf6 4. Nbc3 Nc6 5. d4 cxd4 6. Nxd4 g6 7. Be2 Nxd4 8. Qxd4 Bg7 9. Be3 0-0 10. Qd2 a5 11. 0-0 a4 12. b4 axb3 13. axb3 Rxa1 14. Rxa1 Nxe4 15. Nxe4 Bxa1 16. Bf3 Bg7 17. Qb4 Qc7 18. Nc3 Be6 19. Nb5 Qd7 20. h4 Bg4 21. Bd5 e6 22. Be4 d5 23. cxd5 exd5 24. Bd3 Ra8 25. Bd4 Rc8 26. Nc3 Be6 27. h5 Qc7 28. Bxg7 Kxg7 29. Qd4+ f6 30. Nxd5 Qe5 31. Nf4 Rc1+ 32. Kh2 Bf7 33. h6+ Kxh6 34. Qb4 Kg7 35. g3 Qe1 36. Qxb7 Qxf2+ 37. Kh3 Rg1 38. Ne2 Qf1+ 39. Kg4 f5+ 0-1

[Event "GBR-ch KO qual"]
[Site "London"]
[Date "2019.11.30"]
[Round "8"]
[White "Golding, Alex"]
[Black "Pein, Jonathan"]
[Result "1-0"]
[WhiteElo "2306"]
[BlackElo "2151"]
[PlyCount "79"]
[EventDate "2019.11.30"]
[EventType "swiss (rapid)"]
[EventRounds "9"]
[EventCountry "ENG"]
[SourceTitle "CBM 193 Extra"]
[Source "ChessBase"]
[SourceDate "2020.01.31"]
[SourceVersion "1"]
[SourceVersionDate "2020.01.31"]
[SourceQuality "1"]

1. e4 d6 2. d4 Nf6 3. Nc3 Nc6 4. d5 Nb8 5. Bg5 g6 6. Qd2 h6 7. Be3 Bg7 8. f3 c5 9. a4 Na6 10. Bb5+ Nd7 11. Nh3 Nc7 12. Be2 a6 13. a5 Rb8 14. Nf2 b5 15. axb6 Rxb6 16. Ra2 Nb5 17. Nxb5 axb5 18. 0-0 Ne5 19. b3 Rb8 20. f4 Nd7 21. b4 Qc7 22. bxc5 Nxc5 23. Rb1 Bd7 24. Bf3 Na4 25. Bd4 0-0 26. Bxg7 Kxg7 27. Qd4+ f6 28. Rb3 Qc4 29. Qa7 Nc5 30. Re3 b4 31. e5 fxe5 32. fxe5 b3 33. cxb3 Qc1+ 34. Nd1 Rxf3 35. Rxf3 Qxd1+ 36. Rf1 Qd4+ 37. Raf2 Rf8 38. e6 Rxf2 39. Rxf2 Qa1+ 40. Qxa1+ 1-0

[Event "BCF-chT2 1819 (4NCL) Demotion"]
[Site "England"]
[Date "2019.05.05"]
[Round "10.54"]
[White "Snape, Ian L"]
[Black "Golding, Alex"]
[Result "1/2-1/2"]
[WhiteElo "2170"]
[BlackElo "2222"]
[PlyCount "32"]
[EventDate "2018.11.10"]
[EventType "team-tourn"]
[EventRounds "11"]
[EventCountry "ENG"]
[SourceTitle "EXT 2021"]
[Source "ChessBase"]
[SourceDate "2020.10.23"]
[SourceVersion "1"]
[SourceVersionDate "2020.10.23"]
[SourceQuality "1"]
[WhiteTeam "The ADS"]
[BlackTeam "Guildford III"]
[WhiteTeamCountry "ENG"]
[BlackTeamCountry "ENG"]

1. d4 Nf6 2. c4 e6 3. Nf3 Bb4+ 4. Bd2 c5 5. Bxb4 cxb4 6. g3 b6 7. Bg2 Bb7 8. Nbd2 0-0 9. 0-0 d6 10. Re1 Qe7 11. Qb3 a5 12. e4 e5 13. a3 Na6 14. h3 Rfe8 15. Qe3 Nd7 16. Rac1 Rac8 1/2-1/2

[Event "BCF-chT2 1819 (4NCL) Demotion"]
[Site "England"]
[Date "2019.05.04"]
[Round "9.84"]
[White "Golding, Alex"]
[Black "Bak, Andrew"]
[Result "1/2-1/2"]
[WhiteElo "2222"]
[BlackElo "1985"]
[PlyCount "79"]
[EventDate "2018.11.10"]
[EventType "team-tourn"]
[EventRounds "11"]
[EventCountry "ENG"]
[SourceTitle "EXT 2021"]
[Source "ChessBase"]
[SourceDate "2020.10.23"]
[SourceVersion "1"]
[SourceVersionDate "2020.10.23"]
[SourceQuality "1"]
[WhiteTeam "Guildford III"]
[BlackTeam "Bradford DCA Knights"]
[WhiteTeamCountry "ENG"]
[BlackTeamCountry "ENG"]

1. e4 c5 2. Nf3 Nc6 3. d4 cxd4 4. Nxd4 Nf6 5. Nc3 e5 6. Ndb5 d6 7. Bg5 a6 8. Na3 b5 9. Nd5 Be7 10. Bxf6 Bxf6 11. c3 0-0 12. g3 g6 13. Bg2 Bg7 14. 0-0 Ne7 15. Nxe7+ Qxe7 16. Nc2 Bb7 17. Nb4 Qe6 18. a4 a5 19. Nd5 Bxd5 20. Qxd5 Qxd5 21. exd5 Rfb8 22. axb5 Rxb5 23. b4 e4 24. Rfc1 f5 25. Bf1 Rbb8 26. Rxa5 Rxa5 27. bxa5 Rb3 28. a6 Ra3 29. Bb5 Kf7 30. c4 Bd4 31. Rc2 Kf6 32. Kg2 g5 33. Re2 g4 34. h3 h5 35. h4 Ke7 36. Rd2 Bc5 37. Rb2 Bd4 38. Rc2 Bc5 39. Kf1 Kd8 40. Kg2 1/2-1/2